000 00618nam a2200217Ia 4500
005 20250508154947.0
008 008 250505s9999 xx 000 0 eng d
037 _aTextual
040 _aFEDL
_beng
_cFEDL
041 _aeng
_2eng
084 _a150.72, DEB
_qFEDL
100 _aDeBold Richard C
245 0 _aManual of contemporary experiments in psychology
260 _aEnglewood Cliffs
_b Prentice-Hall
_c1968
300 _a245p.
365 _aINR
_b395
490 _aPrentice-Hall sereis in psychology
650 _aPsychology
942 _cTEXL
_h150.72, DEB
999 _c1353144
_d1353144